00893nam a22001937a 4500003000400000005001700004008004100021017002100062040001400083245026700097260005300364500007400417500003800491650004100529650002600570651006800596700001800664700001700682OSt20150512171836.0010403s1971 spc|||||| 000 ||spa|d aDL B. 42228-1971 bcatcCDMR04aLos Documentos del Pentágonob: tal como han sido publicados por The New York Times ctextos de Neil Sheehan ... [et al.] ; artículos y documentos recopilados por Gerald Gold, Allan M. Siegal y Samuel Abt ; [traducción de Ana Ma. de la Fuente ... [et al.]] aEsplugas de Llobregat bPlaza & JanéscDL 1971 aDocuments presentats tal com van ser publicats per The New York Times aTít. orig.: The Pentagon papers04aGuerra del Vietnam, 1954-1975xFonts04aReportatges literaris 4aEstats Units d'AmèricaxPolítica i governy1945-1989xFonts1 aSheehan, Neil1 aGold, Gerald